=LDR 00000nam 2200000 4500 =001 INLIS000000000060736 =005 20230823090949 =035 ##$$a 0010-0322000089 =007 ta =008 230823###########################0#ind## =020 ##$$a 978-602-446-398-4 =082 ##$$a 370.115 =084 ##$$a 370.115 SAR s =100 #$$a Saroni M. =245 1#$$a Sosiologi Pendidikan : $b Memahami Dinamika Sosiokultural /$c Dr. M. Saroni, M.Ag =260 ##$$a Bandung :$b Remaja Rosdakarya,$c 2019 =300 ##$$a 204 halaman : $b Ilustrasi ; $c 24 cm =650 #4$$a Sosiologi Pendidikan =990 ##$$a 1202201000 =990 ##$$a 1202201001 =990 ##$$a 1202201002 =990 ##$$a 1202201003